000 00256 a2200109 4500
001 84985
082 _a658.3 ROB
090 _c40078
_d40077
100 _aStephen P. Robbins
245 _aEssentials of Organizational Behavior
250 _a10th
260 _aNew Delhi
_bPrentice Hall
_c2011
999 _c320058
_d320058